[Event "36th World Junior Girls"]
[Site "Manavgat TUR"]
[Date "2018.09.13"]
[Round "9.23"]
[White "Haussernot, Cecile"]
[Black "Cramling Bellon, Anna"]
[Result "1-0"]
[WhiteTitle "WIM"]
[BlackTitle "WFM"]
[WhiteElo "2237"]
[BlackElo "2009"]
[WhiteFideId "601632"]
[BlackFideId "32009232"]
[EventDate "2018.09.05"]

1. e4 c5 2. Nf3 e6 3. d4 cxd4 4. Nxd4 Nf6 5. Nd2 Nc6 6. Nxc6 bxc6 7. e5 Nd5 8.
c4 Nf4 9. Nf3 Ng6 10. Bd2 Rb8 11. Bc3 c5 12. h4 Bb7 13. h5 Ne7 14. Be2 Nc6 15.
Qd2 Be7 16. O-O-O Nb4 17. Bxb4 cxb4 18. Nd4 a6 19. f4 Qa5 20. Kb1 Be4+ 21. Bd3
Bxd3+ 22. Qxd3 O-O 23. Nb3 Qb6 24. Qxd7 Rb7 25. Qd3 a5 26. Qe4 a4 27. Nd4 Rc7
28. Nb5 Rc5 29. Rd7 Re8 30. Rxe7 Rd8 31. Nd6 b3 32. a3 Rf8 33. Nxf7 Rc7 34. Ng5 1-0

[Event "36th World Junior Girls"]
[Site "Manavgat TUR"]
[Date "2018.09.13"]
[Round "9.24"]
[White "Hilario, Aleyla"]
[Black "Zairbek kyzy, Begimay"]
[Result "1-0"]
[WhiteTitle "WFM"]
[WhiteElo "2203"]
[BlackElo "1770"]
[WhiteFideId "3819400"]
[BlackFideId "13803603"]
[EventDate "2018.09.05"]

1. d4 d5 2. c4 e6 3. Nf3 Nf6 4. g3 Be7 5. Bg2 Nbd7 6. O-O O-O 7. Qc2 b6 8. Nc3
Bb7 9. Rd1 Rc8 10. cxd5 exd5 11. Nb5 a6 12. Na7 Ra8 13. Nc6 Bxc6 14. Qxc6 Rc8
15. Bh3 Bd6 16. Bg5 Qe8 17. Rac1 Ra8 18. Nh4 h6 19. Be3 Rd8 20. Nf5 Nb8 21. Qxe8
Nxe8 22. Nxd6 cxd6 23. Rc8 Rxc8 24. Bxc8 Nc7 25. Bb7 Ne6 26. Rc1 Rd8 27. Bxd5
Kf8 28. f4 Ke7 29. f5 Ng5 30. Bxg5+ hxg5 31. Rc7+ Rd7 32. Rc8 Rd8 33. Rxd8 Kxd8
34. Bxf7 Nc6 35. e3 Ke7 36. Bb3 Nb4 37. Kf2 b5 38. Ke2 a5 39. a3 Nc6 40. Bd5 Na7
41. b4 1-0

[Event "36th World Junior Girls"]
[Site "Manavgat TUR"]
[Date "2018.09.13"]
[Round "9.26"]
[White "Hu, Yu A."]
[Black "Song, Yuxin"]
[Result "1/2-1/2"]
[BlackTitle "WCM"]
[WhiteElo "2009"]
[BlackElo "2156"]
[WhiteFideId "8609993"]
[BlackFideId "8614300"]
[EventDate "2018.09.05"]

1. e4 e5 2. Nf3 Nc6 3. Bb5 a6 4. Ba4 Nf6 5. O-O Be7 6. Re1 b5 7. Bb3 O-O 8. d3
d6 9. a3 Bg4 10. c3 Na5 11. Ba2 c5 12. Nbd2 Re8 13. h3 Be6 14. Nf1 Bxa2 15. Rxa2
d5 16. Qc2 Bf8 17. Bg5 d4 18. cxd4 cxd4 19. b4 Rc8 20. Qd2 Nc6 21. Rc1 Qd6 22.
Ng3 Nd7 23. Nf5 Qe6 24. Rac2 Ndb8 25. Bh4 f6 26. g4 g6 27. Nh6+ Kh8 28. Bg3 Qb3
29. Kg2 Bxh6 30. Qxh6 Qxd3 31. Bh4 Re6 32. Bxf6+ Rxf6 33. Ng5 Rc7 34. Rxc6 Nxc6
35. Rxc6 Rxf2+ 1/2-1/2

[Event "36th World Junior Girls"]
[Site "Manavgat TUR"]
[Date "2018.09.13"]
[Round "9.27"]
[White "Li, Xinyu"]
[Black "Salah, Nadezhda"]
[Result "0-1"]
[WhiteElo "2086"]
[BlackElo "1918"]
[WhiteFideId "8610401"]
[BlackFideId "14139758"]
[EventDate "2018.09.05"]

1. d4 g6 2. c4 Bg7 3. Nf3 d6 4. e4 c5 5. d5 e6 6. Nc3 Ne7 7. Bd3 O-O 8. O-O a6
9. Bg5 h6 10. Be3 Nd7 11. a3 e5 12. Ne1 f5 13. exf5 gxf5 14. f4 e4 15. Be2 Nf6
16. Qd2 Bd7 17. b4 b6 18. Rb1 Rb8 19. Nc2 Qe8 20. Rb3 Rd8 21. bxc5 bxc5 22. Rb6
Bc8 23. h3 Kh7 24. Na1 Rg8 25. Rbb1 Qg6 26. Rf2 Qg3 27. Bf1 Bh8 28. Ne2 Qxh3 29.
g3 Qg4 30. Rh2 Qg6 31. Nc2 Bd7 32. Bf2 Ng4 33. Rh3 Rb8 34. Qc1 Rge8 35. Bg2 Nxf2
36. Kxf2 Ng8 37. Rh1 Ba4 38. Ne3 Bd4 39. Bh3 Bxe3+ 40. Qxe3 Nf6 41. Kg2 Bc2 42.
Rxb8 Rxb8 43. Qc3 Bd3 44. Nc1 Nh5 0-1

[Event "36th World Junior Girls"]
[Site "Manavgat TUR"]
[Date "2018.09.13"]
[Round "9.28"]
[White "Can, Isil"]
[Black "Auvray, Honorine"]
[Result "0-1"]
[WhiteTitle "WCM"]
[BlackTitle "WFM"]
[WhiteElo "1798"]
[BlackElo "2050"]
[WhiteFideId "34505733"]
[BlackFideId "600512"]
[EventDate "2018.09.05"]

1. e4 c5 2. Nf3 Nc6 3. d4 cxd4 4. Nxd4 Nf6 5. Nc3 d6 6. Bg5 e6 7. Qd2 a6 8.
O-O-O Nxd4 9. Qxd4 Be7 10. f4 b5 11. Bxf6 gxf6 12. e5 d5 13. Kb1 Bb7 14. f5 fxe5
15. Qxe5 Bf6 16. Qg3 Bh4 17. Qh3 Bc8 18. g4 Qg5 19. Qf3 O-O 20. Bd3 Bd7 21. Ne2
Kh8 22. Rhg1 Rg8 23. Nf4 a5 24. Ng2 Qxg4 25. Qxg4 Rxg4 26. h3 Rd4 27. c3 Rxd3
28. Rxd3 Rg8 29. Rdd1 Bf2 30. Rgf1 Rxg2 31. Rd2 Kg7 32. Rdxf2 Rxf2 33. Rxf2 e5
34. f6+ Kg6 35. h4 Bf5+ 36. Kc1 Kxf6 37. Kd2 Ke6 38. Rg2 Bg6 39. Rg5 f6 40. Rg2
e4 41. Ke3 Ke5 42. Rg4 f5 43. Rg5 Bf7 44. a3 h6 45. Rg7 f4+ 46. Kf2 e3+ 47. Ke1
Bh5 48. Rh7 f3 49. Rxh6 f2+ 50. Kf1 Bg4 51. Kg2 Bh3+ 0-1

[Event "36th World Junior Girls"]
[Site "Manavgat TUR"]
[Date "2018.09.13"]
[Round "9.29"]
[White "Georgescu, Lena"]
[Black "Ince, Safiye Oyku"]
[Result "1/2-1/2"]
[WhiteTitle "WFM"]
[BlackTitle "WCM"]
[WhiteElo "2195"]
[BlackElo "1905"]
[WhiteFideId "1331973"]
[BlackFideId "6391222"]
[EventDate "2018.09.05"]

1. e4 c5 2. Nf3 e6 3. d4 cxd4 4. Nxd4 Nc6 5. Nc3 Qc7 6. f4 a6 7. Nxc6 bxc6 8.
Bd3 d5 9. O-O Nf6 10. Qe2 Be7 11. Bd2 O-O 12. Rae1 Bb7 13. e5 Nd7 14. f5 exf5
15. Bxf5 Bc8 16. e6 Bc5+ 17. Kh1 fxe6 18. Bxe6+ Kh8 19. Na4 Bd6 20. c4 dxc4 21.
Bc3 Nc5 22. Rxf8+ Bxf8 23. Nxc5 Bxc5 24. Bf5 Qf7 25. Bc2 Bd7 26. Qe4 Qg8 27. Qh4
Rf8 28. Qh5 Bd6 29. h3 Bg3 30. Rd1 Be6 31. Kg1 Bd5 32. Qg4 Bf2+ 33. Kh2 Bc5 34.
Rd2 Bd6+ 35. Kg1 Qf7 36. Bf5 Re8 1/2-1/2

[Event "36th World Junior Girls"]
[Site "Manavgat TUR"]
[Date "2018.09.13"]
[Round "9.30"]
[White "Nass, Sara"]
[Black "Du, Yuxin"]
[Result "1-0"]
[WhiteElo "1888"]
[BlackElo "2146"]
[WhiteFideId "1516191"]
[BlackFideId "8610282"]
[EventDate "2018.09.05"]

1. e4 c6 2. d4 d5 3. Nc3 dxe4 4. Nxe4 Bf5 5. Ng3 Bg6 6. h4 h6 7. Nf3 Nd7 8. h5
Bh7 9. Bd3 Bxd3 10. Qxd3 e6 11. Bf4 Qa5+ 12. Bd2 Bb4 13. c3 Be7 14. c4 Qa6 15.
O-O Ngf6 16. Rfe1 O-O 17. Nf5 exf5 18. Rxe7 Rfe8 19. Rae1 Rxe7 20. Rxe7 Kf8 21.
Rxd7 Nxd7 22. Qxf5 Rd8 23. Qh7 Qxc4 24. Qh8+ Ke7 25. Qxg7 Qxa2 26. Bxh6 Qb1+ 27.
Kh2 Nf6 28. Bg5 Qf5 29. Ne5 Rxd4 30. Qxf7+ Kd6 31. Qxf6+ Qxf6 32. Bxf6 Ke6 33.
Nf3 Rd5 34. Bg5 a5 35. g4 a4 36. Be3 Kf7 37. h6 c5 38. g5 b5 39. h7 Kg7 40. g6
Rh5+ 41. Kg3 Kxg6 42. Ng5 b4 43. f4 c4 44. Kg4 Rh6 45. f5+ Kg7 46. Bd4+ Kf8 47.
h8=Q+ Rxh8 48. Bxh8 Kg8 49. Bd4 1-0

[Event "36th World Junior Girls"]
[Site "Manavgat TUR"]
[Date "2018.09.13"]
[Round "9.32"]
[White "Malatsilava, Volha"]
[Black "Sade, Defne"]
[Result "1-0"]
[BlackTitle "WCM"]
[WhiteElo "2040"]
[BlackElo "1826"]
[WhiteFideId "13508512"]
[BlackFideId "6371884"]
[EventDate "2018.09.05"]

1. e4 e5 2. Nf3 Nc6 3. Bb5 a6 4. Ba4 Nf6 5. O-O Be7 6. Bxc6 dxc6 7. d3 Nd7 8.
Nbd2 O-O 9. Nc4 f6 10. Nh4 Nc5 11. Nf5 Bxf5 12. exf5 b5 13. Nd2 Qd7 14. Qg4 Nb7
15. Qf3 Qd5 16. Ne4 Rad8 17. Qg4 c5 18. Re1 Rf7 19. Be3 Na5 20. Bd2 Nc6 21. Re3
Bf8 22. Rg3 Qd7 23. c3 Ne7 24. Rf3 Qc6 25. Rd1 a5 26. Bc1 b4 27. c4 Qa4 28. Rg3
Qd7 29. Nxc5 Qxf5 30. Ne6 Qxg4 31. Rxg4 Rd7 32. d4 f5 33. Rg3 f4 34. Rgd3 e4 35.
Rh3 Ng6 36. Ng5 Rfe7 37. Nxh7 Re8 38. Nxf8 Rxf8 39. Rh5 Rfd8 40. d5 c6 41. Rg5
Ne7 42. Bxf4 cxd5 43. c5 d4 44. Bd6 Nc8 45. Rxd4 Nxd6 46. Rgd5 Rc8 47. cxd6 a4
48. Kf1 Rc2 49. Rd2 Rc1+ 50. Rd1 Rc2 51. R5d2 b3 52. axb3 axb3 53. Rxc2 bxc2 54.
Rc1 Rxd6 55. Rxc2 Rd1+ 56. Ke2 Rh1 57. h3 Rh2 58. g3 Rxh3 59. Ke3 Rh1 60. Kxe4
Kf7 61. b4 Rb1 62. Rc4 Ke6 63. Rc6+ Kf7 64. Rc4 Ke6 65. Kf4 Rb2 66. f3 Rb3 67.
Kg4 Kf6 68. f4 g6 69. Rc6+ Kg7 70. Rb6 Kh7 71. Kh4 Rf3 72. b5 Kg7 73. Rc6 Rb3
74. b6 Rb5 75. g4 g5+ 76. fxg5 Rb3 77. g6 Rb4 78. Kh5 Rb2 79. Rc7+ Kf6 80. Rf7+
Ke6 81. b7 Rh2+ 82. Kg5 Rb2 83. Rf6+ Ke7 84. g7 Rxb7 85. g8=Q Rb5+ 86. Rf5 1-0

[Event "36th World Junior Girls"]
[Site "Manavgat TUR"]
[Date "2018.09.13"]
[Round "9.33"]
[White "Celik, Eylul"]
[Black "Aksoy, Ayca"]
[Result "1/2-1/2"]
[WhiteTitle "WCM"]
[WhiteElo "2014"]
[BlackElo "1898"]
[WhiteFideId "34505792"]
[BlackFideId "6355978"]
[EventDate "2018.09.05"]

1. d4 Nf6 2. c4 e6 3. Bg5 Bb4+ 4. Nd2 h6 5. Bxf6 Qxf6 6. a3 Bxd2+ 7. Qxd2 b6 8.
e3 Bb7 9. Ne2 O-O 10. Nc3 d6 11. d5 Nd7 12. Be2 a6 13. O-O e5 14. b4 Qg5 15. f4
Qe7 16. f5 e4 17. Rf4 Nf6 18. Bd1 Qe5 19. Bb3 b5 20. Rd1 bxc4 21. Bxc4 c6 22.
dxc6 Bxc6 23. Qd4 Rfc8 24. a4 Bd7 25. Nxe4 Qxd4 26. Rxd4 Nxe4 27. Rfxe4 Re8 28.
Rxe8+ Rxe8 29. Kf2 Bxa4 30. Bxa6 Re5 31. Bd3 Bb5 32. g4 Bxd3 33. Rxd3 Rb5 34.
Rd4 d5 35. e4 dxe4 36. Ke3 g6 37. Kxe4 gxf5+ 38. gxf5 Kg7 39. Kf4 Kf6 40. Rd6+
Kg7 41. Rd4 Kf6 1/2-1/2

[Event "36th World Junior Girls"]
[Site "Manavgat TUR"]
[Date "2018.09.13"]
[Round "9.34"]
[White "Anacoglu, Cisel"]
[Black "Kamalidenova, Meruert"]
[Result "1/2-1/2"]
[BlackTitle "WFM"]
[WhiteElo "1791"]
[BlackElo "2011"]
[WhiteFideId "34573631"]
[BlackFideId "13712802"]
[EventDate "2018.09.05"]

1. e4 e6 2. d4 d5 3. Nc3 Nf6 4. Bg5 Be7 5. e5 Nfd7 6. Bxe7 Qxe7 7. f4 a6 8. Nf3
c5 9. dxc5 Nxc5 10. Qd2 Nc6 11. O-O-O b5 12. Bd3 b4 13. Ne2 Nxd3+ 14. cxd3 a5
15. Kb1 Ba6 16. Rc1 Qb7 17. Ned4 Nxd4 18. Nxd4 a4 19. f5 exf5 20. Nxf5 O-O 21.
Rhf1 f6 22. e6 g6 23. e7 Rfb8 24. e8=Q+ Rxe8 25. Nd6 Qb6 26. Nxe8 Rxe8 27. Rfe1
Rxe1 28. Rxe1 Qd4 29. Rd1 a3 30. bxa3 bxa3 31. Qc2 g5 32. Qb3 Qc5 33. Rc1 Qd4
34. Rd1 Qc5 35. Rc1 Qd4 36. Rd1 Qc5 37. Rc1 Qd4 1/2-1/2

[Event "36th World Junior Girls"]
[Site "Manavgat TUR"]
[Date "2018.09.13"]
[Round "9.35"]
[White "De Silva, Tenara"]
[Black "Celik, Eda"]
[Result "1/2-1/2"]
[WhiteElo "1764"]
[BlackElo "1970"]
[WhiteFideId "9942270"]
[BlackFideId "6351727"]
[EventDate "2018.09.05"]

1. c4 e5 2. Nc3 Nc6 3. g3 Bc5 4. Bg2 d6 5. e3 a6 6. Nge2 Ba7 7. a3 Nf6 8. b4 O-O
9. O-O Re8 10. Bb2 e4 11. Qc2 Bf5 12. Nf4 Ne5 13. Ncd5 Nxd5 14. cxd5 g5 15. Ne2
Qd7 16. Qc3 f6 17. f4 exf3 18. Bxf3 Rf8 19. Nd4 Bxd4 20. Qxd4 Rae8 21. e4 Nxf3+
22. Rxf3 Rxe4 23. Qf2 Bh3 24. Rxf6 Rfe8 25. d3 Re2 26. Rf8+ Rxf8 27. Qxe2 Qf7
28. Re1 Qxd5 29. g4 Rf4 30. Qe8+ Rf8 31. Qe2 Rf4 32. Qe8+ Rf8 33. Qe2 Qf7 34.
Bc1 Bxg4 35. Qg2 Qf3 36. Bxg5 Qxg2+ 37. Kxg2 Rf7 38. Re7 Rxe7 39. Bxe7 Be2 40.
d4 Kf7 41. Bd8 c6 42. Kf2 Bd3 43. Ke3 Bb1 44. Kd2 Ke6 45. Kc3 Kd5 46. a4 b5 47.
axb5 axb5 48. Bg5 h5 49. h4 c5 50. dxc5 dxc5 51. bxc5 Kxc5 52. Kb2 Be4 53. Be7+
Kc4 54. Bf6 b4 55. Be7 Bf5 56. Bf6 1/2-1/2

[Event "36th World Junior Girls"]
[Site "Manavgat TUR"]
[Date "2018.09.13"]
[Round "9.37"]
[White "Santeramo, Alessia"]
[Black "Nassr, Lina"]
[Result "0-1"]
[WhiteTitle "WFM"]
[BlackTitle "WIM"]
[WhiteElo "2124"]
[BlackElo "1854"]
[WhiteFideId "850810"]
[BlackFideId "7908075"]
[EventDate "2018.09.05"]

1. e4 c5 2. Nf3 e6 3. d4 cxd4 4. Nxd4 Nf6 5. Nc3 Nc6 6. Nxc6 bxc6 7. e5 Nd5 8.
Ne4 Bb7 9. c4 Nb4 10. Bd2 c5 11. Bxb4 cxb4 12. Qd4 Qa5 13. b3 Rd8 14. Bd3 Bxe4
15. Qxe4 Be7 16. O-O f5 17. Qe2 O-O 18. Rad1 Qc5 19. Bc2 Rfe8 20. Rd3 d6 21.
exd6 Rxd6 22. Re3 Bf6 23. h4 Bc3 24. Qf3 Rf8 25. Rd1 Bd4 26. Re2 e5 27. Kf1 g6
28. h5 Kg7 29. h6+ Kxh6 30. g4 Kg7 31. gxf5 gxf5 32. Qb7+ Rf7 33. Qg2+ Rg6 34.
Qh1 Kh8 35. Rd3 Rfg7 36. Rh3 Qe7 37. Qh2 Qg5 38. Re1 Qd2 39. Bb1 Rg1+ 0-1

[Event "36th World Junior Girls"]
[Site "Manavgat TUR"]
[Date "2018.09.13"]
[Round "9.38"]
[White "Nemcova, Karin"]
[Black "Duran, Esma Doga"]
[Result "1/2-1/2"]
[BlackTitle "WFM"]
[WhiteElo "1990"]
[BlackElo "1825"]
[WhiteFideId "360821"]
[BlackFideId "6390196"]
[EventDate "2018.09.05"]

1. e4 c5 2. Nf3 e6 3. d4 cxd4 4. Nxd4 Nc6 5. Nc3 a6 6. Bf4 d6 7. Bg3 e5 8. Nxc6
bxc6 9. Be2 Be7 10. f4 exf4 11. Bxf4 Be6 12. Qd2 Nf6 13. O-O O-O 14. b3 Qb6+ 15.
Kh1 d5 16. exd5 cxd5 17. Bd3 Rac8 18. Na4 Qb7 19. Qe2 Bg4 20. Bxa6 Bxe2 21. Bxb7
Bxf1 22. Bxc8 Rxc8 23. Rxf1 Rxc2 24. Rc1 Rxa2 25. Rc8+ Bf8 26. h3 Re2 27. Nc3
Rc2 28. Bd6 Nd7 29. Bxf8 Nxf8 30. Nxd5 Rxc8 31. Ne7+ Kh8 32. Nxc8 Nd7 33. Kg1 f5
34. Kf1 g6 35. Ke2 Kg7 36. b4 Kf6 37. Ke3 Ke5 38. b5 g5 39. Ne7 h5 40. g3 Nb6
41. h4 gxh4 42. gxh4 f4+ 43. Kf3 Kf6 44. Nc6 Kf5 45. Nd4+ Ke5 46. Ne2 Nd5 47.
Nc1 Kd4 48. b6 Nxb6 49. Kxf4 Nd5+ 50. Kg5 Ne3 51. Ne2+ Ke5 52. Nf4 Nf5 53. Nxh5
Nxh4 1/2-1/2

[Event "36th World Junior Girls"]
[Site "Manavgat TUR"]
[Date "2018.09.13"]
[Round "9.39"]
[White "Aydin, Gulenay"]
[Black "Nastase, Andreea-Cristina"]
[Result "0-1"]
[WhiteTitle "WCM"]
[WhiteElo "1882"]
[BlackElo "1983"]
[WhiteFideId "34557431"]
[BlackFideId "1221183"]
[EventDate "2018.09.05"]

1. e4 c5 2. Nf3 d6 3. d4 cxd4 4. Nxd4 Nf6 5. Nc3 a6 6. f3 e6 7. Be3 b5 8. Qd2
Nbd7 9. g4 Nb6 10. a4 Nc4 11. Bxc4 bxc4 12. g5 Nd7 13. f4 Bb7 14. f5 e5 15. Nf3
h6 16. O-O-O hxg5 17. Bxg5 Qa5 18. Kb1 Rc8 19. Be3 Bc6 20. Ng5 Rb8 21. Nd5 Qxd2
22. Rxd2 Bxd5 23. Rxd5 Nf6 24. Rdd1 Nd7 25. Rd5 Nf6 26. Rdd1 Rh4 27. Bf2 Rg4 28.
Rhg1 Rxg5 29. Rxg5 Nxe4 30. Rgg1 Nc3+ 31. Kc1 Ne2+ 32. Kb1 Nxg1 33. Rxg1 f6 34.
c3 Kf7 35. Kc2 Be7 36. h4 Rh8 37. Rf1 Rh5 38. Be1 g6 39. fxg6+ Kxg6 40. b3 cxb3+
41. Kxb3 f5 42. Kc4 Bxh4 43. Kd5 Bxe1 44. Rxe1 Kf6 45. Kxd6 e4 46. c4 Rh2 47. c5
Rd2+ 48. Kc7 Ra2 49. c6 Rc2 50. Kd7 Ke5 51. c7 f4 52. a5 f3 53. c8=Q Rxc8 54.
Kxc8 f2 55. Rf1 e3 56. Kb7 e2 57. Rxf2 e1=Q 58. Rh2 Qb1+ 59. Kxa6 Qd3+ 60. Kb6
Qe3+ 61. Kb5 Ke6 62. Kc6 Qe4+ 63. Kb6 Qd4+ 64. Kb7 Qd5+ 65. Ka7 Qxa5+ 66. Kb7
Qd5+ 67. Ka7 Qd7+ 68. Ka8 Qc8+ 0-1

[Event "36th World Junior Girls"]
[Site "Manavgat TUR"]
[Date "2018.09.13"]
[Round "9.40"]
[White "Huttl, Sofie"]
[Black "Heydarova, Aytaj"]
[Result "0-1"]
[WhiteElo "1727"]
[BlackElo "1948"]
[WhiteFideId "236730"]
[BlackFideId "13409999"]
[EventDate "2018.09.05"]

1. e4 c5 2. Nf3 d6 3. d4 cxd4 4. Nxd4 Nf6 5. Nc3 g6 6. Be3 Bg7 7. f3 Nc6 8. Qd2
O-O 9. Bc4 a6 10. O-O-O Nxd4 11. Bxd4 Be6 12. Bxe6 fxe6 13. h4 Qa5 14. Kb1 Rac8
15. g4 Rc4 16. Qe3 Rb4 17. Ne2 Qc7 18. h5 Rc8 19. Bc3 Nxg4 20. fxg4 Bxc3 21.
Nxc3 Qxc3 22. Qxc3 Rxc3 23. hxg6 hxg6 24. Rh6 Kg7 25. Rdh1 Rg3 26. Rh7+ Kf6 27.
Rf1+ Ke5 28. Rxe7 Rxg4 29. a3 Rb5 30. Rff7 Rxe4 31. Rg7 Rg4 32. Re8 Kf6 33. Rd7
d5 34. Rf8+ Ke5 35. Re7 Rg1+ 36. Ka2 Rg2 37. Kb1 g5 38. Rg7 d4 39. Rg6 Rd5 40.
Re8 Rd6 41. Reg8 Kf5 42. R6g7 e5 0-1

[Event "36th World Junior Girls"]
[Site "Manavgat TUR"]
[Date "2018.09.13"]
[Round "9.41"]
[White "Kyrkjebo, Hanna B."]
[Black "Yorgun, Yaren Naz"]
[Result "1/2-1/2"]
[WhiteElo "1947"]
[BlackElo "1751"]
[WhiteFideId "1511599"]
[BlackFideId "6361021"]
[EventDate "2018.09.05"]

1. e4 e6 2. d4 d5 3. Bd3 Nf6 4. e5 Nfd7 5. Ne2 c5 6. c3 Nc6 7. a3 Qb6 8. b4 cxd4
9. cxd4 a6 10. Be3 Be7 11. O-O O-O 12. Nbc3 Rd8 13. Qc2 Nf8 14. Rac1 Bd7 15. Qb3
Na7 16. Rc2 Nc8 17. Rfc1 Qa7 18. a4 Qb8 19. Ra2 a5 20. bxa5 Rxa5 21. Rb1 Bc6 22.
Bd2 Ra7 23. Nb5 Ra8 24. a5 Nd7 25. Qc2 g6 26. a6 Rxa6 27. Rxa6 bxa6 28. Ba5 Bxb5
29. Bxb5 axb5 30. Bxd8 Bxd8 31. Qc6 Ncb6 32. Qxb5 Kg7 33. h3 Qa7 34. Nc3 Qc7 35.
Qb4 Qc4 36. Nb5 Qxb4 37. Rxb4 Be7 38. Rb1 f6 39. exf6+ Kxf6 40. Re1 e5 41. dxe5+
Nxe5 42. Nd4 Bc5 43. Nb3 Bb4 44. Rc1 Nec4 45. Nd4 Bc5 46. Nb3 Bd6 47. Rd1 Be5
48. g3 g5 1/2-1/2

[Event "36th World Junior Girls"]
[Site "Manavgat TUR"]
[Date "2018.09.13"]
[Round "9.42"]
[White "Caxita, Esperanca"]
[Black "Tian, Shi Yuan"]
[Result "1/2-1/2"]
[WhiteTitle "WIM"]
[WhiteElo "1803"]
[BlackElo "1923"]
[WhiteFideId "10100903"]
[BlackFideId "2623960"]
[EventDate "2018.09.05"]

1. e4 e6 2. d4 d5 3. e5 c5 4. c3 Nc6 5. Nf3 Bd7 6. Bd3 Qb6 7. dxc5 Bxc5 8. O-O
Qc7 9. Qe2 Nge7 10. Bf4 a6 11. Nbd2 Rc8 12. Nb3 Ba7 13. Bg3 Na5 14. Nxa5 Qxa5
15. Rfe1 Bb5 16. Bxb5+ axb5 17. a3 O-O 18. Rad1 Nf5 19. Bf4 Rc4 20. Bc1 Rfc8 21.
h3 Qa4 22. Qd3 Qa5 23. Nd2 R4c6 24. Nf3 Rc4 25. g4 Ne7 26. Be3 h6 27. Nd2 Bxe3
28. Nxc4 Bxf2+ 29. Kxf2 bxc4 30. Qe3 Qc7 31. Kg2 Ng6 32. Rd2 Nf8 33. Rf2 Ng6 34.
Qg3 Rf8 35. h4 Qd8 36. h5 Nh8 37. Qe3 Qh4 38. Qf4 f5 39. exf6 Rxf6 40. Qg3 Rxf2+
41. Kxf2 Qf6+ 42. Kg2 Nf7 43. Rf1 Qe7 44. Qf4 Nd6 45. Rf2 e5 46. Re2 Ne4 47. Qf5
Qh4 48. Rxe4 dxe4 49. Qxe4 b5 50. a4 bxa4 51. Qxc4+ Kh8 52. Qxa4 Qe1 53. Qe8+
Kh7 54. Qg6+ Kh8 55. Qc2 e4 56. Qf2 Qc1 57. Qe2 Qf4 58. b4 e3 1/2-1/2

[Event "36th World Junior Girls"]
[Site "Manavgat TUR"]
[Date "2018.09.13"]
[Round "9.43"]
[White "Caballero Quijano, Mitzy Mishell"]
[Black "Incecik, Seyma Zeynep"]
[Result "1-0"]
[WhiteTitle "WIM"]
[WhiteElo "2034"]
[BlackElo "1716"]
[WhiteFideId "3807223"]
[BlackFideId "6374948"]
[EventDate "2018.09.05"]

1. d4 Nf6 2. Nf3 d5 3. c4 e6 4. g3 c6 5. Bg2 Bd6 6. O-O O-O 7. b3 Nbd7 8. Bb2
Ne4 9. Nfd2 f5 10. e3 Qg5 11. Qe2 Ndf6 12. f3 Qh5 13. Qe1 Ng5 14. Ba3 Bxa3 15.
Nxa3 Nh3+ 16. Bxh3 Qxh3 17. Nc2 Bd7 18. Nb4 Rae8 19. Nd3 Bc8 20. Qe2 Nd7 21.
Rae1 Qh6 22. f4 Re7 23. b4 Qg6 24. Rc1 Qe8 25. Ne5 Nxe5 26. dxe5 Qd8 27. Nf3 Qb6
28. a3 a5 29. c5 Qc7 30. Nd4 Bd7 31. b5 cxb5 32. Nxb5 Bxb5 33. Qxb5 Rc8 34. Kf2
Kf7 35. Ke2 Rd7 36. Kd3 Ke7 37. Kd4 Rdd8 38. Rb1 Rd7 39. Rf2 Ra8 40. Qb6 Qc6 41.
Rb5 Ra6 42. Qxc6 bxc6 43. Rb6 Rda7 44. Rfb2 Rxb6 45. cxb6 Rb7 46. Kc5 Kd7 47.
Rd2 Rb8 48. Rd4 Ra8 49. b7 Rb8 50. Kb6 c5 51. Ra4 c4 52. Rxa5 c3 53. Rc5 h6 54.
a4 g5 55. a5 g4 56. Rc7+ Kd8 57. a6 c2 58. a7 Rxb7+ 59. Kxb7 1-0

[Event "36th World Junior Girls"]
[Site "Manavgat TUR"]
[Date "2018.09.13"]
[Round "9.45"]
[White "Aubert, Laurane"]
[Black "Gur, Tuba"]
[Result "1-0"]
[WhiteElo "1970"]
[BlackElo "1724"]
[WhiteFideId "20690371"]
[BlackFideId "34553495"]
[EventDate "2018.09.05"]

1. e4 c5 2. Nc3 e6 3. Nge2 a6 4. d4 cxd4 5. Nxd4 b5 6. Bd3 Bb7 7. O-O Qc7 8. h3
Nf6 9. Re1 b4 10. Nb1 Bc5 11. Nb3 Be7 12. e5 Nd5 13. Qg4 g6 14. N1d2 f5 15. Qg3
g5 16. Nf3 h6 17. h4 g4 18. Nfd4 h5 19. Bxf5 exf5 20. Nxf5 Nc6 21. Nd6+ Kf8 22.
Qd3 Nxe5 23. Qf5+ Nf6 24. Nxb7 Nf7 25. N7c5 a5 26. Bf4 Qc6 27. Rad1 Rd8 28. Nd3
d6 29. Nd4 Qc8 30. Ne6+ Ke8 31. Qb5+ Qd7 32. Qxa5 Rc8 33. Qxb4 d5 34. Qb3 Ne4
35. Nd4 Bxh4 36. g3 Be7 37. Nb5 h4 38. Nc3 hxg3 39. fxg3 Nfg5 40. Bxg5 Nxg5 41.
Kg2 Qf5 42. Nf4 Nf3 43. Rh1 Kf7 44. Rxd5 1-0

[Event "36th World Junior Girls"]
[Site "Manavgat TUR"]
[Date "2018.09.13"]
[Round "9.46"]
[White "Bail, Ellen Larissa"]
[Black "Vujcic, Milena"]
[Result "0-1"]
[WhiteElo "1832"]
[BlackElo "1955"]
[WhiteFideId "2142171"]
[BlackFideId "954748"]
[EventDate "2018.09.05"]

1. d4 Nf6 2. c4 g6 3. Nc3 Bg7 4. e4 d6 5. f3 O-O 6. Be3 c5 7. Nge2 Nc6 8. d5 Ne5
9. Ng3 h5 10. h4 Qa5 11. Qd2 a6 12. Be2 Bd7 13. O-O b5 14. cxb5 axb5 15. Bh6 b4
16. Nd1 Qb6 17. Bxg7 Kxg7 18. Ne3 Ra7 19. b3 Rfa8 20. Kh1 Bb5 21. Rfc1 Bxe2 22.
Qxe2 Qa6 23. Nc4 Nxc4 24. Rxc4 Nd7 25. f4 Nb6 26. Qb2+ Kh7 27. Rcc1 Qd3 28. Kh2
Ra3 29. f5 Nd7 30. fxg6+ fxg6 31. Rf1 Ne5 32. Qe2 Qxe2 33. Nxe2 Rxa2 34. Rxa2
Rxa2 35. Nf4 Ng4+ 36. Kg3 Ra3 37. Rf3 Nf6 38. Re3 Ng4 39. Rf3 Ne5 40. Re3 c4 0-1

[Event "36th World Junior Girls"]
[Site "Manavgat TUR"]
[Date "2018.09.13"]
[Round "9.47"]
[White "Kyrkjebo, Marte B."]
[Black "Koo, Wei Xin Rosamund"]
[Result "1/2-1/2"]
[WhiteElo "1935"]
[BlackElo "1918"]
[WhiteFideId "1511602"]
[BlackFideId "5713684"]
[EventDate "2018.09.05"]

1. e4 c5 2. Nf3 Nc6 3. Bb5 g6 4. Bxc6 bxc6 5. O-O Bg7 6. Re1 Nf6 7. e5 Nd5 8. c4
Nc7 9. d4 cxd4 10. Qxd4 Ne6 11. Qh4 O-O 12. Bh6 d6 13. Bxg7 Kxg7 14. Nc3 dxe5
15. Nxe5 Qc7 16. Qe4 Bb7 17. Nxf7 Rxf7 18. Qxe6 Qb6 19. Ne4 Raf8 20. c5 Qc7 21.
Ng5 Bc8 22. Qe4 Rf4 23. Ne6+ Bxe6 24. Qxe6 Rxf2 25. Qxe7+ Qxe7 26. Rxe7+ Kh6 27.
Rae1 Rxb2 28. R7e2 Rfb8 29. Rxb2 Rxb2 30. Re6 Rxa2 31. Rxc6 a5 1/2-1/2